Представление документа в формате MARC21

ПолеНазваниеЗначение
  Тип записи a
  Библиографический уровень m
001 Контрольный номер RU\infra-m\znanium\bibl\2237199
005 Дата корректировки 20260429142330.2
008 Кодируемые данные 260120s2026 RU g rus u
020 Индекс ISBN __
a ISBN 978-5-369-01969-6
020 Индекс ISBN __
a ISBN 978-5-16-113050-6 (электр. издание)
020 Индекс ISBN __
a ISBN 978-5-16-020461-1 (ISBN соиздателя)
040 Источник каталогиз. __
a Служба первич. каталог. Общество с ограниченной ответственностью «ЗНАНИУМ»
041 Код языка издания __
a Код языка текста rus
044 Код страны публикации __
a Код страны публикации RU
080 Индекс УДК __
a Индекс УДК 629.391+004.9(075.8)
084 Индекс другой классификации/Индекс ББК __
2 Источник индекса rubbk
a Индекс другой классификации/Индекс ББК 32.81я73
084 Индекс другой классификации/Индекс ББК __
2 Источник индекса okso
a Индекс другой классификации/Индекс ББК 09.03.03
084 Индекс другой классификации/Индекс ББК __
2 Источник индекса okso
a Индекс другой классификации/Индекс ББК 10.03.01
084 Индекс другой классификации/Индекс ББК __
2 Источник индекса okso
a Индекс другой классификации/Индекс ББК 10.04.01
084 Индекс другой классификации/Индекс ББК __
2 Источник индекса okso
a Индекс другой классификации/Индекс ББК 10.05.02
084 Индекс другой классификации/Индекс ББК __
2 Источник индекса okso
a Индекс другой классификации/Индекс ББК 10.05.04
084 Индекс другой классификации/Индекс ББК __
2 Источник индекса okso
a Индекс другой классификации/Индекс ББК 38.03.05
084 Индекс другой классификации/Индекс ББК __
2 Источник индекса okso
a Индекс другой классификации/Индекс ББК 38.04.05
084 Индекс другой классификации/Индекс ББК __
2 Источник индекса okso
a Индекс другой классификации/Индекс ББК 46.03.02
100 Автор __
a Автор Бабаш А.В.
q Полное имя Бабаш Александр Владимирович
u Дополнение Национальный исследовательский университет "Высшая школа экономики"
245 Заглавие __
a Заглавие Моделирование системы защиты информации: Практикум
b Продолж. заглавия Учебное пособие
c Ответственность Национальный исследовательский университет "Высшая школа экономики"
250 Сведения об издании __
a Основные сведения об издании 4
260 Выходные данные __
a Место издания Москва
b Издательство Издательский Центр РИОР
c Дата издания 2026
300 Физическое описание __
a Объем 355 с.
440 Серия __
a Серия Высшее образование
520 Аннотация __
a Аннотация В практикуме по моделированию системы защиты информации на предприятии рассматриваются задачи и программный инструментарий для их решения в частности: проектирование систем защиты информации с использованием модели с полным перекрытием множества угроз; анализ и управление рисками информационной безопасности с использованием программного пакета Coras и программного комплекса ГРИФ; система поддержки принятия парето-оптимальных решений в области проектирования системы защиты информации; разработка сценариев действий нарушителя информационной безопасности с использованием сети Петри; определение показателей защищенности информации при несанкционированном доступе; использование методологии и стандартов IDEF для моделирования процессов в системе защиты информации; методики анализа рисков информационной безопасности для малого и среднего бизнеса; анализ рисков информационной безопасности с использованием нечеткой логики. Практикум может быть рекомендован бакалаврам и магистрам изучающим курсы «Информационная безопасность» «Моделирование процессов и систем» и «Управление информационной безопасностью» а также смежные с ними дисциплины.
521 Примеч. о цел. назн. __
a Примеч. о целев. назн. ВО - Бакалавриат
650 Тематические рубрики __
a Основная рубрика Информатика. Вычислительная техника
x Основная подрубрика Защита информации. Компьютерная безопасность
655 Указ. предметных рубрик (устаревшее) __
a Жанр/ форма (устаревшее) Учебное пособие
700 Другие авторы __
a Другие авторы Баранова Е.К.
q Полное имя Баранова Елена Константиновна
u Дополнение Национальный исследовательский университет "Высшая школа экономики"
856 Электронный адрес документа 4_
a Имя сервера/домена znanium.ru
m Помощь ebs_support@infra-m.ru
n Местонахождение сервера НИЦ ИНФРА-М
u URL https://znanium.ru/catalog/document?id=476217
856 Электронный адрес документа 48
a Имя сервера/домена znanium.ru
d Путь /cover/2237
f Электронное имя 2237199.jpg
q Тип электронного формата image/jpeg
u URL https://znanium.ru/cover/2237/2237199.jpg
911 __
u 0030=https://znanium.ru/catalog/document?id=476217